| 000 | 00406nam a2200157Ia 4500 | ||
|---|---|---|---|
| 999 |
_c13108 _d13108 |
||
| 003 | MAJU-Karachi | ||
| 005 | 20210527101611.0 | ||
| 008 | 190802s9999 xx 000 0 und d | ||
| 020 | _a978-1-4886-2388-2 | ||
| 040 | _cDLC | ||
| 100 | _aDr. Dionigi Gerace | ||
| 245 | 0 | _aEquities, Fixed Income Securities and Derivatives | |
| 260 |
_aMelbourne _bPearson _c2018 |
||
| 300 | _a557:p | ||
| 942 |
_cLAW _2ddc |
||